000 02127nam a2200301 i 4500
001 768714001
003 CO-MdFUSB
005 20211027151916.0
007 ta
008 200522t2004 ck |||| |||| 00| 0 spa d
020 _a9580483620
040 _aCO-MdFUSB
_bspa
_cCO-MdFUSB
_dCO-MdFUSBC
_erda
041 _aspa
082 _223
_a863
_bG215
100 _aGarcía Márquez, Gabriel
_d1927-2014
_eautor
245 _aMemoria de mis putas tristes
_c/ Gabriel García Márquez
264 1 _aBogotá, Colombia :
_bNorma,
_c[2004]
264 4 _c©2004
300 _c109 páginas ;
_a23 cm
336 _2rdacontent
_atexto
_btxt
337 _2rdamedia
_asin mediación
_bn
338 _2rdacarrier
_avolumen
_bnc
520 _aUn viejo periodista decide festejar sus noventa años a lo grande, dándose un regalo que le hará sentir que todavía está vivo: una jovencita virgen, y con ella «el principio de una nueva vida a una edad en que la mayoría de los mortales están muertos». En el prostíbulo llega el momento en que ve a la mujer de espaldas, completamente desnuda. Ese acontecimiento cambia su vida radicalmente. Ahora que conoce a esta jovencita se encuentra a punto de morir, pero no por viejo, sino de amor. Así, Memoria de mis putas tristes cuenta la vida de este anciano solitario, un apasionado de la música clásica, nada aficionado a las mascotas y lleno de manías. Por él sabremos cómo en todas sus aventuras sexuales (que no fueron pocas) siempre dio a cambio algo de dinero, pero nunca imaginó que de ese modo encontrara el verdadero amor. Esta novela de Gabriel García Márquez es una conmovedora reflexión que celebra las alegrías del enamoramiento, las desventuras de la vejez y, ante todo, lo que sucede cuando sexo y amor se juntan para darle un sentido a la existencia. Nos encontramos ante un relato aparentemente sencillo pero cargado de resonancias, una historia narrada con el excepcional estilo y la maestría en el arte de contar de los que solo es capaz el autor colombiano.
563 _aRústico
650 7 _92518
_aLiteratura colombiana
942 _cBK
945 _aDani
999 _c65897
_d65897